00706nam a2200217 a 450000100100000000500170001000800410002704000250006808200250009324500540011825000110017226000590018330000270024249000310026965000230030065000380032365000320036170000400039383000380043399900170047100002084120200930011156.0100818s1968 mx a 000 0 spa d aDO-SdBNPbspacBPJMB a621.3747bM489, 196800aMediciones /ctraducción Alfonso Vasseur Walls. a2a ed. aMéxico :bCentro Regional de Ayuda Técnica,c1968. a72 p. :bil. ;c26 cm.1 aDelmar;aTaller mecánico 4aMedicción943681 4aInstrumentos de medición943682 4aTalleres mecánicos9436831 aVasseur Walls, Alfonsoetra.943684 0aDelmar;pTaller mecánico943685 c20344d20344